Statistics for Subdivisions by Country

Click here to take the quiz!

General Stats

  • This quiz has been taken 42,831 times
  • The average score is 22 of 30

Answer Stats

SubdivisionsCountry% Correct
Shaanxi, XinjiangChina
96%
Oaxaca, TabascoMexico
95%
Bavaria, SaxonyGermany
91%
Nordland, FinnmarkNorway
91%
Aragon, CataloniaSpain
91%
Saskatchewan, ManitobaCanada
89%
Burgundy, BrittanyFrance
87%
Sakha Republic, VolgogradRussia
86%
Phuket, Chiang MaiThailand
86%
Salzburg, BurgenlandAustria
85%
Toscana, Emilia-RomagnaItaly
85%
Gujarat, Andhra PradeshIndia
84%
Punjab, BalochistanPakistan
84%
KwaZulu-Natal, Eastern CapeSouth Africa
82%
Makkah, Al QasimSaudi Arabia
79%
Dnipropetrovsk, KharkivUkraine
77%
Tierra del Fuego, SaltaArgentina
75%
Aswan, LuxorEgypt
74%
Attiki, Makedonia ThrakiGreece
70%
Jämtland, UppsalaSweden
70%
Zeeland, FrieslandNetherlands
69%
Atacama, ValparaisoChile
68%
Papua, YogyakartaIndonesia
68%
Parana, Mato GrossoBrazil
63%
Van, AntalyaTurkey
61%
Pomeranian, LubuszPoland
60%
Gifu, KanagawaJapan
53%
Sarawak, PenangMalaysia
50%
Jura, SchwyzSwitzerland
46%
Kaduna, SokotoNigeria
22%

Score Distribution

Percentile by Number Answered

Percent of People with Each Score

Your Score History

You have not taken this quiz